ESSENTIALS OF HUMAN EMBRYOLOGY (Record no. 34730)

MARC details
000 -LEADER
fixed length control field 00371nam a22001577a 4500
003 - CONTROL NUMBER IDENTIFIER
control field SGT
020 ## - INTERNATIONAL STANDARD BOOK NUMBER
International Standard Book Number 9789385274176
082 ## - DEWEY DECIMAL CLASSIFICATION NUMBER
Classification number 611
Item number E17D
100 ## - MAIN ENTRY--PERSONAL NAME
Personal name DATTA, ASIM KUMAR
245 ## - TITLE STATEMENT
Title ESSENTIALS OF HUMAN EMBRYOLOGY
260 ## - PUBLICATION, DISTRIBUTION, ETC. (IMPRINT)
Place of publication, distribution, etc KOLKATA
Name of publisher, distributor, etc CURRENT BOOK INT.
Year of Publication 2017
300 ## - PAGE DESCRIPTION
No. of Pages 314
650 ## - SUBJECT ADDED ENTRY--TOPICAL TERM
Topical term or geographic name as entry element EMBRYOLOGY
653 ## - KEYWORDS--INDEX TERM
Keyword term HUMAN,ANATOMY, EMBRYOLOGY
942 ## - ADDED ENTRY ELEMENTS (KOHA)
Source of classification or shelving scheme Dewey Decimal Classification
Koha item type Books
Holdings
Withdrawn status Lost status Source of classification or shelving scheme Damaged status Not for loan Collection code Home library Current library Shelving location Date acquired Vendor Name Cost, normal purchase price SGTU Bill Number Total Checkouts Full call number Accession No. (Barcode) Date last seen Bill Date Koha item type
    Dewey Decimal Classification     AYURVEDA SGT FA-FP Library SGT FA-FP Library Text Book 29/04/2026 ABC PVT. LTD. 350.00 SGTU 22849   611 E17D FA13426 29/04/2026 08/04/2026 Books
    Dewey Decimal Classification     AYURVEDA SGT FA-FP Library SGT FA-FP Library Text Book 29/04/2026 ABC PVT. LTD. 350.00 SGTU 22849   611 E17D FA13427 29/04/2026 08/04/2026 Books